01489nam a2200349 a 4500001001000000003000500010005001700015008004100032010001100073011001100084040000900095090001000104100004100114245015600155260004100311500006000352502007500412590004000487590004000527650003900567650004000606650004000646650003000686650003500716856007000751901000700821942001000828942000600838999001900844952014000863952013601003000112365CHAP20220329144300.0160304s2016 mx a fsm |||||||spa d a108826 a109798 cCHAP aTesis1 aFonseca Gómez, Juan Daniel913061310aNiveles óptimos económicos de la inclusión de cobre y cromo en una dieta para pollos de en gorda/h[En línea]cpor Juan Daniel Fonseca Gómez. aChapingo, Méx. :bEl autor,c2016. aPara ver el contenido del material haga clic en la liga aTesis (Ing. Agr. Esp. en Zootecnia) -- UACH. Departamento de Zootecnia aE6096MTMb05c20160304lUCH01h1501 aE6096MTMb05c20160304lUCH01h150314aAves de corralxNutrición.9867214aCobre en nutrición animal.92419114aCromo en nutrición animal.92915114aPollos de engorde.99026914aPollosxAlimentación.990268 aFinding aiduhttp://10.13.5.2/tesis/sist112365.pdfzTeclea aquí aBK cTESIS n0 c108826d108826 00102local4053708TESISaBCbBCcPA_TESISd2016-03-04fTESISl0oTesisp33724002519322r2019-12-31 00:00:00tc.2w2019-12-31yTESIS 00104054718TESISaBCbBCd2016-03-04fTESISl0oTesisp33724002519363r2019-12-31 00:00:00w2019-12-31yTESISzRecien adquirido